How to catch a mermaid / (Record no. 234428)
[ view plain ]
| 000 -LEADER | |
|---|---|
| fixed length control field | 01110nam a22003378i 4500 |
| 001 - CONTROL NUMBER | |
| control field | BK0021464979 |
| 003 - CONTROL NUMBER IDENTIFIER | |
| control field | DLC |
| 005 - DATE AND TIME OF LATEST TRANSACTION | |
| control field | 20180629164834.0 |
| 008 - FIXED-LENGTH DATA ELEMENTS--GENERAL INFORMATION | |
| fixed length control field | 171006s2018 ilu a 000 1 eng |
| 010 ## - LIBRARY OF CONGRESS CONTROL NUMBER | |
| LC control number | 2017038950 |
| 020 ## - INTERNATIONAL STANDARD BOOK NUMBER | |
| International Standard Book Number | 9781492662471 : HRD |
| Terms of availability | 10.99 |
| 020 ## - INTERNATIONAL STANDARD BOOK NUMBER | |
| International Standard Book Number | 149266247X : HRD |
| Terms of availability | 10.99 |
| 037 ## - SOURCE OF ACQUISITION | |
| Source of stock number/acquisition | Sourcebooks Inc, Po Box 4410, Naperville, IL, USA, 60567-4410, (630)9613900, 268 |
| Note | SAN 666-7864 |
| 040 ## - CATALOGING SOURCE | |
| Original cataloging agency | DLC |
| Language of cataloging | eng |
| Description conventions | rda |
| Transcribing agency | DLC |
| 050 00 - LIBRARY OF CONGRESS CALL NUMBER | |
| Classification number | PZ8.3.W15844 |
| Item number | Hoc 2018 |
| 082 00 - DEWEY DECIMAL CLASSIFICATION NUMBER | |
| Classification number | [E] |
| Edition number | 23 |
| 092 ## - LOCALLY ASSIGNED DEWEY CALL NUMBER (OCLC) | |
| Classification number | E |
| 100 1# - MAIN ENTRY--PERSONAL NAME | |
| Personal name | Wallace, Adam, |
| Relator term | author. |
| 245 10 - TITLE STATEMENT | |
| Title | How to catch a mermaid / |
| Statement of responsibility, etc | Andy Elkerton ; Adam Wallace. |
| 263 ## - PROJECTED PUBLICATION DATE | |
| Projected publication date | 1807 |
| 264 #1 - Production, Publication, Distribution, Manufacture, and Copyright Notice. | |
| Place of production, publication, distribution, manufacture | Naperville, Ill. : |
| Name of producer, publisher, distributor, manufacturer | Sourcebooks Jabberwocky, |
| Date of production, publication, distribution, manufacture, or copyr | [2018] |
| 300 ## - PHYSICAL DESCRIPTION | |
| Extent | pages cm |
| 336 ## - Content Type | |
| Content type term | text |
| 336 ## - Content Type | |
| Content type term | still image |
| 337 ## - Media type | |
| Media type term | unmediated |
| 338 ## - Carrier type | |
| Carrier type term | volume |
| 520 ## - SUMMARY, ETC. | |
| Summary, etc | Four children set out to capture a mermaid, but she manages to escape all of their traps. |
| 650 #1 - SUBJECT ADDED ENTRY--TOPICAL TERM | |
| Topical term or geographic name as entry element | Stories in rhyme. |
| 650 #1 - SUBJECT ADDED ENTRY--TOPICAL TERM | |
| Topical term or geographic name as entry element | Mermaids |
| Form subdivision | Fiction. |
| 700 1# - ADDED ENTRY--PERSONAL NAME | |
| Personal name | Elkerton, Andy, |
| Relator term | illustrator. |
| Withdrawn status | Lost status | Source of classification or shelving scheme | Damaged status | Not for loan | Collection code | Home library | Current library | Shelving location | Date acquired | Source of acquisition | Total Checkouts | Total Renewals | Full call number | Barcode | Checked out | Date last seen | Date checked out | Cost, replacement price | Price effective from | Koha item type |
|---|---|---|---|---|---|---|---|---|---|---|---|---|---|---|---|---|---|---|---|---|
| Dewey Decimal Classification | Children Picture Books | Wasatch County Library | Wasatch County Library | Main Floor Childrens Area | 05/17/2023 | Amazon | 6 | 7 | E Wallace | 34301002016907 | 04/27/2026 | 02/26/2026 | 02/26/2026 | 10.99 | 05/17/2023 | BOOK |
